Every 100,000+ City in Belarus in Order - Statistics

General Stats
  • This quiz has been taken 171 times
    93 since last reset
  • The average score is 8 of 15
Answer Stats
Letter Population City % Correct
M 2,003,557 Minsk
100%
B 347,180 Brest
95%
G 502,390 Gomel
92%
G 363,270 Grodno
89%
M 355,095 Mogilev
84%
V 360,504 Vitebsk
84%
P 133,705 Pinsk
51%
B 216,350 Babruysk
43%
B 148,360 Barysaw
38%
L 105,101 Lida
35%
P 100,764 Polotsk
30%
M 111,064 Mazyr
27%
O 107,553 Orsha
27%
S 104,078 Salihorsk
27%
B 171,424 Baranavichy
19%
No matching quizzes found
Score Distribution
Percent of People with Each Score
Percentile by Number Answered
Your Score History
You have not taken this quiz since the last reset